000 00616nam a2200241Ia 4500
003 OSt
005 20220928104014.0
006 a|||||r|||| 00| 0
007 ta
008 220927b |||||||| |||| 00| 0 eng d
024 _a107874
037 _cTextual
040 _aSDCL
_cSDCL
_beng
041 _2eng
_aeng
082 _a4, P2
100 _aPaantjali PremChand
_9408151
245 0 _aSanchar kranti aur vishwa jan madhyam.
260 _c2002
300 _a254p.
_ccm.
700 _a Ankit Anil
_9408152
942 _h4, P2
_cTEXL
_2CC
999 _c723641
_d723641